000
00276nam a2200097Ia 4500
001
1228829
005
20250827093049.0
008
250824s9999 xx 000 0 und d
245
0
_a
TOPLAR KİMİN İÇİN YUVARLANIYOR
_c
DAV PILKEY
260
_b
ALTIN YAYINLARI
999
_c
1228829
_d
1228829